000 00728nam a22002297a 4500
005 20170124110105.0
010 _a781700
020 _c4.25
035 _a781700
037 _bCen Lib/Ret
040 _aDPL
_bEN
082 _a921
_bCHA
100 _aChakravarty, Basudha
_927936
245 _aSister Nivedita /
_cby Basudha Chakravarty
260 _aNew Delhi
_bNational Book Trust
_c1975
270 _bNew Delhi
_aOlympus House, 29, Netaji Subhash Marg
_e110006
300 _a84p.
_c18cm(Hb)
500 _aIncludes bibliographical references
650 _aNivedita, -- Sister, -- 1867-1911
_927937
650 _aNivedita, -- Sister, -- 1867-1911 -- Biography
_927938
942 _2ddc
_cEN
_h921
_mCHA
999 _c129969
_d129969